000
00228nam a22000857a 4500
008
160928b xxu||||| |||| 00| 0 eng d
100
_9
782
_a
Jain.R.K
245
_a
English Communicative-IX
260
_a
New Delhi
_b
APC. Publications
_c
2010
999
_c
3437
_d
3437